书目信息 |
| 题名: |
现代火电厂计算机控制系统
|
|
| 作者: | 周洪煜 编 | |
| 分册: | ||
| 出版信息: | 重庆 重庆大学出版社 2009.03 |
|
| 页数: | 236页 | |
| 开本: | 26cm | |
| 丛书名: | 热能动力工程专业本科系列教材 | |
| 单 册: | ||
| 中图分类: | TM621.6 | |
| 科图分类: | ||
| 主题词: | 火电厂--计算机控制系统--高等学校--教材 | |
| 电子资源: | ||
| ISBN: | 978-7-5624-4792-4 | |
| 000 | 00962nam 2200241 450 | |
| 005 | 20100528182301.59 | |
| 010 | @a978-7-5624-4792-4@dCNY26.00 | |
| 100 | @a20100515d2009 em y0chiy0110 ea | |
| 101 | 0 | @achi |
| 102 | @aCN@b500000 | |
| 105 | @aa a 000yy | |
| 200 | 1 | @a现代火电厂计算机控制系统@Axian dai huo dian chang ji suan ji kong zhi xi tong@f周洪煜编 |
| 210 | @a重庆@c重庆大学出版社@d2009.03 | |
| 215 | @a236页@c图@d26cm | |
| 225 | 2 | @a热能动力工程专业本科系列教材 |
| 320 | @a有书目 (第235-236页) | |
| 330 | @a全书共分为5章,在编写的过程中,力求把计算机控制系统的基础理论和火力电厂DCS的应用实例有机地结合起来,使读者从原理上深入掌握DCS控制系统的设计原理、基本结构和运行效果,能够熟练地从事火力发电厂DCS控制系统的运行和维护。 | |
| 410 | 0 | @12001 @a热能动力工程专业本科系列教材 |
| 606 | 0 | @a火电厂@x计算机控制系统@x高等学校@j教材 |
| 690 | @aTM621.6@v4 | |
| 701 | 0 | @a周洪煜@Azhou hong yu@4编 |
| 801 | 0 | @aCN@c20100515 |
| 905 | @dTM621.6@eZ760@f3 | |
| 现代火电厂计算机控制系统/周洪煜编.-重庆:重庆大学出版社,2009.03 |
| 236页:图;26cm.-(热能动力工程专业本科系列教材) |
| ISBN 978-7-5624-4792-4:CNY26.00 |
| 全书共分为5章,在编写的过程中,力求把计算机控制系统的基础理论和火力电厂DCS的应用实例有机地结合起来,使读者从原理上深入掌握DCS控制系统的设计原理、基本结构和运行效果,能够熟练地从事火力发电厂DCS控制系统的运行和维护。 |
| ● |
| 相关链接 |
|
|
|
正题名:现代火电厂计算机控制系统
索取号:TM621.6/Z760
 
预约/预借
| 序号 | 登录号 | 条形码 | 馆藏地/架位号 | 状态 | 备注 |